Ella Henderson Charting Songs (Billboard Hot Dance) - Statistics

General Stats
  • This quiz has been taken 23 times
    11 since last reset
  • The average score is 3 of 9
Answer Stats
Album Weeks On Peak Artist(s) Song % Correct
Only Honest on the Weekend (Deluxe) & Everything I Didn't Say and More 20 Weeks #12 David Guetta, Becky Hill & Ella Henderson Crazy What Love Can Do
70%
Everything I Didn't Say and More 20 Weeks #13 Nathan Dawe & Ella Henderson 21 Reasons
50%
Non-Album Single 24 Weeks #12 Kygo ft. Ella Henderson Here For You
40%
VACANCY EP 1 Week #50 Switch Disco & Ella Henderson REACT
30%
Snacks (Supersize) and Everything I Didn't Say and More 20 Weeks #25 Jax Jones & Ella Henderson This Is Real
20%
Non-Album Single 9 Weeks #30 Sam Feldt ft. Ella Henderson Hold Me Close
10%
Origin 1 Week #48 Frank Walker & Ella Henderson I Go Dancing
10%
Non-Album Single 1 Week #49 Regard & Ella Henderson No Sleep
10%
Everything I Didn't Say and More 4 Weeks #29 Sigala & Ella Henderson We Got Love
10%
No matching quizzes found
Score Distribution
Percent of People with Each Score
Percentile by Number Answered
Your Score History
You have not taken this quiz since the last reset